Rebel Galis Nevravím čo chcete počuť

Kniha o najúspešnejšom slovenskom trénerovi futbalu po rozdelení Československa.

Bibliographic Details
Main Author: Zeman, Michal, 1956- (Author)
Other Authors: Lapšanský, Jozef (Narrator)
Format: CD Audio
Language:Slovak
PhysicalDescription:1 elektronický optický disk (CD-ROM) digitálny, mono, MP3 12 cm
Published: Levoča Slovenská knižnica pre nevidiacich Mateja Hrebendu 2022
ISBN:9788018108536
Subjects:

MARC

LEADER 00000nim a2200000 a 4500
001 vtls012145615
003 SK-MaSNL
005 20260301192012.0
007 sd fsngnnmmnud
008 220808s2022 xo nnnnfs z n slo
015 |a SNBJ2023 
020 |a 9788018108536  |q (zvuková kniha) 
040 |a SNK  |b slo  |c SNK  |e AACR2 
041 0 |a slo 
044 |a xo  |c SK 
080 |a (086.76)  |2 2001 
100 1 |a Zeman, Michal,  |d 1956-  |4 aut  |9 234650 
245 1 0 |a Rebel Galis  |h elektronický zdroj  |b Nevravím čo chcete počuť  |c Michal Zeman ; číta: Jozef Lapšanský 
260 |a Levoča  |b Slovenská knižnica pre nevidiacich Mateja Hrebendu  |c 2022 
300 |a 1 elektronický optický disk (CD-ROM)  |b digitálny, mono, MP3  |c 12 cm 
306 |a 060000 
520 8 |a Kniha o najúspešnejšom slovenskom trénerovi futbalu po rozdelení Československa. 
521 |a pre nevidiacich, slabozrakých a inak zdravotne postihnutých 
600 1 7 |a Galis, Dušan,  |d 1949-  |2 SNKPH  |9 220182 
650 0 7 |a futbal  |2 SNKPH  |9 3291 
655 7 |a zvukové záznamy  |2 SNKPH  |9 70720 
655 7 |a CD-ROM  |2 SNKPH  |9 70236 
700 1 |a Lapšanský, Jozef  |4 nrt  |9 325837 
752 |a Slovensko  |d Levoča 
919 |a 978-80-18-10853-6 
999 |c 872881  |d 874811 
952 |t 1  |a SNK  |b SNK  |c SNK_KF  |y PREZ  |7 8  |p 17A1539921  |o snkSCD 6547  |i snk2023/18043  |8 0  |0 0  |1 0  |4 0  |d 2023-12-09  |l 0  |r 2026-02-24 05:48:28  |w 2026-02-24